List of countries by Gold production - Statistics

General Stats
  • This quiz has been taken 283 times
    116 since last reset
  • The average score is 8 of 10
Answer Stats
Rank Answer Production (ktons) % Correct
5 United States 187
98%
1 China 332
91%
2 Russia 331
91%
10 South Africa 114
85%
4 Canada 192
84%
3 Australia 315
81%
8 Mexico 125
79%
7 Peru 127
66%
9 Indonesia 118
64%
6 Ghana 129
22%
No matching quizzes found
Score Distribution
Percent of People with Each Score
Percentile by Number Answered
Your Score History
You have not taken this quiz since the last reset